000 00788nam a2200241 i 4500
001 000038182
003 DO-SdBNP
005 20250602134603.0
007 ta
008 130320s2005 dr ad 000 0 spa d
040 _aDO-SdBNP
_bspa
_cBNPHU
_erda
082 4 _axxx
_bxxx
_222
110 1 _aUniversidad Autónoma de Santo Domingo
_bFacultad de Humanidades
_964554
245 1 0 _aEstudios de evaluación para la transformación curricular.
264 1 _aSanto Domingo :
_bFacultad de Humanidades,
_c2005.
300 _avolumenes :
_bilustraciones, retratos ;
_c29 cm.
336 _atexto
_btxt
_2rdacontent
337 _asin mediación
_bn
_2rdamedia
338 _avolumen
_bnc
_2rdacarrier
500 _aLa biblioteca posee el v. 1
590 _aInventariado, 2025/BT
942 _2ddc
_cLBS1
999 _c37672
_d37672